| 000 | 00444nam a2200157 a 4500 | ||
|---|---|---|---|
| 001 | 000031509 | ||
| 005 | 20200930062959.0 | ||
| 008 | 110627s1936 dr r 000 0 spa d | ||
| 040 |
_aDO-SdBNP _bspa _cBNPHU |
||
| 082 |
_axxxx _bG643d |
||
| 100 | 1 |
_aGonzález T., Porfirio _957888 |
|
| 245 | 1 | 0 |
_aDos palabras / _cPorfirio González T. |
| 260 |
_cCiudad Trujillo : _b[s.n.], _c1936. |
||
| 300 |
_a13 p. ; _c23 cm. |
||
| 590 | _aInventariado, 2018/LP | ||
| 999 |
_c31001 _d31001 |
||